Statistiques concernant BIBLE - Les douze tribus d'Israel

Cliquez ici pour prendre le quiz!

Statistiques générales

  • Ce quiz a été pris 24 fois
  • Le résultat moyen est 7 sur 12

Statistiques - réponses

Tribu% Correct
Juda
100%
Ruben
72%
Benjamin
72%
Dan
72%
Manassé
67%
Siméon
61%
Gad
61%
Ephraïm
50%
Zabulon
44%
Issacar
39%
Aser
33%
Nephthali
11%

Distribution des résultats

Percentile par nombre de réponses

% des personnes avec chaque résultat

Votre développement - résultats

Vous n’avez pas pris ce quiz